Планы кремлёвского Потешного дворца (архитектор князь Ухтомский) в Москве

Доступно только в Электронных читальных залах Найти на картеНа карте
RUSMARC
00003560nmc2a22000003x 450
0018c41be75-8651-4d20-89cd-10eb9870d882
00520180614160238.0
100##$a20160218l17511751k l0rusy0189 ca
1010#$arus
102##$aRU
2001#$aПланы кремлёвского Потешного дворца (архитектор князь Ухтомский) в Москве
$j1751 г.
251##$cДело
801#0$aRU
$bРГИА
$c20160218
$gRCR
801#1$aRU
$bГлавНИВЦ
$c20160218
$2rusmarc
801#2$aRU
$bПБ им. Б.Н. Ельцина
$c20180614
$gRCR
$2rusmarc
850##$aРГИА
852##$aРГИА
$eФедеральное казенное учреждение "Российский государственный исторический архив" (РГИА)
$j495
937##$hРГИА
$d12155095
$aASBIBLIO_SCAN
462#0$1001dcd89104-8d20-40fa-811e-bb92fb080979
$12001
$aКарты, планы и чертежи Петербургского сенатского архива за 1732-1917 гг.
$1251
$cОпись
$1852
$j1
461#0$1001ac81bd0a-ee7e-4d64-837e-48e7e073b90f
$12001
$a1743-1916 гг.
$1251
$cФонд
$1852
$j1399
215##$a13 л.
$cплан.
$d74,5х60 см
371##$aДокумент не является опубликованным и широко распространяемым
105##$ae###
1222#$ad
035##$a8c41be75-8651-4d20-89cd-10eb9870d882
856##$uhttp://readingroom.main.prlib.ru/item.aspx?id_node=n115991869&mode=full
Формат отображения